[Event "25th Dubai Open A 2025"]
[Site "Dubai UAE"]
[Date "2025.05.28"]
[Round "2.3"]
[White "Iniyan, Pa"]
[Black "Md Imran"]
[Result "1/2-1/2"]
[WhiteTitle "GM"]
[BlackTitle "IM"]
[WhiteElo "2573"]
[BlackElo "2472"]
[WhiteFideId "25002767"]
[BlackFideId "25748580"]
[EventDate "2025.05.27"]

1. d4 Nf6 2. c4 e6 3. Nf3 d5 4. Nc3 c6 5. Bg5 h6 6. Bxf6 Qxf6 7. e3 g6 8. Be2
Nd7 9. O-O Bg7 10. e4 dxc4 11. e5 Qe7 12. Bxc4 O-O 13. Re1 b5 14. Bd3 Bb7 15.
Rc1 Rad8 16. Ne4 c5 17. Nxc5 Nxc5 18. dxc5 Qd7 19. Re3 Bxf3 20. Qxf3 Bxe5 21.
Rxe5 Qxd3 22. Qxd3 Rd7 23. Qd4 Rxd4 24. Kf1 Rd3 25. Ke2 Kg7 26. Rc2 Rfd8 27. Re3
Kf6 28. g3 R3d5 29. Rb3 a5 30. Ra3 Re5+ 31. Kf3 Rf5+ 32. Kg2 a4 33. b4 Rfd5 34.
Kf1 Ke7 35. Rf3 g5 36. h3 h5 37. Ke2 g4 38. hxg4 hxg4 39. Rfc3 Kd7 40. Rd2 Kc7
41. Rxd5 Rxd5 42. Rd3 Re5+ 43. Re3 Rh5 44. Rd3 Re5+ 45. Kd2 Rf5 46. Ke3 Re5+ 47.
Kd2 Rf5 48. Ke1 Re5+ 49. Kf1 Re4 50. a3 Rc4 51. f3 gxf3 52. Rxf3 f5 53. Ke2 Rc2+
54. Kd3 Rc4 55. Rf4 Rc1 56. Kd4 Re1 57. Rf3 Re4+ 58. Kd3 Rg4 59. Ke2 Rc4 60. Kd3
Rg4 61. Ke2 Rc4 62. Kd3 1/2-1/2

[Event "25th Dubai Open A 2025"]
[Site "Dubai UAE"]
[Date "2025.05.28"]
[Round "2.4"]
[White "Siddharth, Jagadeesh"]
[Black "Can, Emre"]
[Result "1/2-1/2"]
[WhiteTitle "GM"]
[BlackTitle "GM"]
[WhiteElo "2472"]
[BlackElo "2568"]
[WhiteFideId "5818320"]
[BlackFideId "6302181"]
[EventDate "2025.05.27"]

1. e4 c5 2. Nf3 d6 3. c3 Nf6 4. Be2 g6 5. O-O Bg7 6. Bb5+ Nc6 7. d4 O-O 8. d5 a6
9. Be2 Na5 10. b4 cxb4 11. cxb4 Nxe4 12. Nd4 Qb6 13. Nc2 Bxa1 14. Be3 Qc7 15.
Nxa1 Nc4 16. Qc2 b5 17. Qxe4 Bf5 18. Qh4 Nxe3 19. fxe3 a5 20. Nb3 Bxb1 21. Rxb1
axb4 22. Rc1 Qa7 23. Qg5 Qxa2 24. Nd4 b3 25. Rf1 b2 26. Bd3 f6 27. Qg4 Rf7 28.
Qe6 Qa3 29. Bb1 Qc3 30. Nc6 Kg7 31. h4 f5 32. h5 Qf6 33. Qxf6+ Rxf6 34. Rf2 Ra3
35. Rxb2 Rxe3 36. Kf2 f4 37. hxg6 hxg6 38. Nd4 Re5 39. Rxb5 Kh6 40. Nf3 Rh5 41.
Rb7 1/2-1/2

[Event "25th Dubai Open A 2025"]
[Site "Dubai UAE"]
[Date "2025.05.28"]
[Round "2.5"]
[White "Srihari, L R"]
[Black "Gorshtein, Ido"]
[Result "1/2-1/2"]
[WhiteTitle "IM"]
[BlackTitle "GM"]
[WhiteElo "2468"]
[BlackElo "2560"]
[WhiteFideId "46617116"]
[BlackFideId "2815532"]
[EventDate "2025.05.27"]

1. c4 c5 2. Nf3 Nf6 3. Nc3 Nc6 4. e3 a6 5. b3 e6 6. Bb2 d5 7. cxd5 exd5 8. d4
cxd4 9. Nxd4 Bd6 10. Be2 O-O 11. O-O Re8 12. Rc1 Bc7 13. Nxc6 bxc6 14. Bf3 Qd6
15. g3 Bh3 16. Bg2 Bxg2 17. Kxg2 Qd7 18. Na4 Ne4 19. Nc5 Nxc5 20. Rxc5 Bd6 21.
Rc2 a5 22. Qd3 Bf8 23. Rfc1 Re6 24. Qf5 Qb7 25. Bd4 a4 1/2-1/2

[Event "25th Dubai Open A 2025"]
[Site "Dubai UAE"]
[Date "2025.05.28"]
[Round "2.6"]
[White "Bharath, Subramaniyam H"]
[Black "Shyam, Sundar M."]
[Result "1/2-1/2"]
[WhiteTitle "GM"]
[BlackTitle "GM"]
[WhiteElo "2556"]
[BlackElo "2462"]
[WhiteFideId "46634827"]
[BlackFideId "5019141"]
[EventDate "2025.05.27"]

1. e4 d6 2. Nf3 Nf6 3. Nc3 g6 4. d4 Bg7 5. Be2 O-O 6. O-O e5 7. dxe5 dxe5 8. Bg5
Nbd7 9. Qd2 c6 10. Rad1 Qc7 11. h3 Nc5 12. Qe3 Ne6 13. Bc4 Nxg5 14. Nxg5 Bh6 15.
h4 Kg7 16. Qc5 b6 17. Qd6 Qxd6 18. Rxd6 Ne8 19. Rd3 Bxg5 20. hxg5 Nc7 21. Rd6
Ne8 22. Rd2 Nc7 23. Rfd1 b5 24. Bb3 Ne6 25. Rd6 Nd4 26. f4 Bg4 27. Rd2 b4 28.
Na4 Nxb3 29. axb3 exf4 30. Rxc6 Rfe8 31. Nc5 a5 32. Rd5 Rad8 33. Nd3 Rc8 34.
Rxc8 Rxc8 35. Ne1 Re8 36. e5 Ra8 37. Nd3 Bf5 38. Nxf4 Bxc2 39. e6 Bxb3 40. Rd7
a4 41. e7 Re8 42. Rb7 f6 43. Nd3 fxg5 44. Nc5 Kf7 45. Nxb3 axb3 46. Rxb4 Rxe7
47. Rxb3 h5 48. Kf2 g4 49. Rc3 Rb7 50. b3 h4 51. Rc4 Rxb3 52. Rxg4 h3 53. gxh3
Rxh3 1/2-1/2

[Event "25th Dubai Open A 2025"]
[Site "Dubai UAE"]
[Date "2025.05.28"]
[Round "2.7"]
[White "Harikrishnan, A. Ra"]
[Black "Grebnev, Aleksey"]
[Result "0-1"]
[WhiteTitle "IM"]
[BlackTitle "GM"]
[WhiteElo "2467"]
[BlackElo "2556"]
[WhiteFideId "5081483"]
[BlackFideId "34189030"]
[EventDate "2025.05.27"]

1. Nf3 d5 2. e3 Nf6 3. c4 e6 4. Nc3 Bd6 5. Qc2 a6 6. b3 O-O 7. Be2 b6 8. cxd5
exd5 9. Bb2 Re8 10. O-O Bb7 11. Rac1 Nbd7 12. Rfd1 Rc8 13. d4 Qe7 14. Bf1 Ne4
15. g3 f5 16. Bg2 c6 17. Ne1 Rf8 18. Nd3 Rce8 19. Re1 a5 20. f4 Nxc3 21. Bxc3
Nf6 22. Ne5 Ne4 23. Bb2 Rc8 24. Qe2 Qe6 25. Rc2 c5 26. dxc5 bxc5 27. Qb5 Rc7 28.
Rec1 Ra8 29. a4 Qc8 30. Qe2 Ba6 31. Qd1 Qe6 32. Bxe4 dxe4 33. Rd2 Bf8 34. Nc4
Raa7 35. Qc2 Rd7 36. Rcd1 Rxd2 37. Rxd2 Bxc4 38. Qxc4 Qxc4 39. bxc4 Rb7 40. Bc3
Rb3 41. Bxa5 Ra3 42. Bc7 Rxa4 43. Rc2 Kf7 44. Kf2 Ke6 45. Be5 g5 46. Bh8 g4 47.
Ke2 Bd6 48. Kd2 Bc7 49. Kc1 Ba5 50. Kb2 Rb4+ 51. Ka3 h5 52. Rc1 Rb8 53. Be5 Rd8
54. Ka4 Bd2 55. Rd1 Rd3 56. Kb5 Bxe3 57. Ra1 Bf2 58. Ra6+ Ke7 59. Bf6+ Kf7 60.
Bg5 e3 61. Ra7+ Ke6 62. Re7+ Kd6 63. Re5 Rb3+ 64. Ka6 Rb2 65. Be7+ Kc6 0-1

[Event "25th Dubai Open A 2025"]
[Site "Dubai UAE"]
[Date "2025.05.28"]
[Round "2.8"]
[White "Dotzer, Lukas"]
[Black "Sanal, Vahap"]
[Result "1-0"]
[WhiteTitle "IM"]
[BlackTitle "GM"]
[WhiteElo "2455"]
[BlackElo "2555"]
[WhiteFideId "1666975"]
[BlackFideId "6300545"]
[EventDate "2025.05.27"]

1. e4 e5 2. Nf3 Nc6 3. Bb5 a6 4. Ba4 Nf6 5. O-O Be7 6. Re1 b5 7. Bb3 d6 8. c3
O-O 9. h3 Nb8 10. d4 Nbd7 11. Nbd2 Bb7 12. Bc2 Re8 13. Nf1 Bf8 14. Ng3 g6 15. a4
c5 16. d5 c4 17. Be3 Qc7 18. Qe2 Nc5 19. Reb1 Reb8 20. Nd2 Bc8 21. Ra2 Bd7 22.
Rba1 Qd8 23. Qf3 Ne8 24. Ngf1 Be7 25. Qe2 Nf6 26. g4 Nxa4 27. Nxc4 bxc4 28. Bxa4
Bb5 29. Nd2 Qc8 30. Qf1 Nd7 31. Ra3 Bd8 32. Bd1 Bb6 33. Bh6 Qd8 34. Kg2 Qh4 35.
Be3 Bxe3 36. fxe3 Nb6 37. Be2 Rf8 38. Qf2 Qh6 39. Qg3 Kh8 40. g5 Qg7 41. b3 cxb3
42. Bxb5 b2 43. R1a2 axb5 44. Rxa8 Rxa8 45. Rxb2 Na4 46. Rxb5 Nxc3 47. Rb3 Rc8
48. Qg4 Qf8 49. Rb7 Kg8 50. Nb3 Rc4 51. Nd2 Ra4 52. Qd7 Ra2 53. Kf3 Na4 54. Qc7
Rb2 55. Nb3 Kg7 56. Rb8 Rc2 57. Qb7 1-0

[Event "25th Dubai Open A 2025"]
[Site "Dubai UAE"]
[Date "2025.05.28"]
[Round "2.9"]
[White "Panesar, Vedant"]
[Black "Aditya, Mittal"]
[Result "1-0"]
[WhiteTitle "FM"]
[BlackTitle "GM"]
[WhiteElo "2455"]
[BlackElo "2547"]
[WhiteFideId "35033018"]
[BlackFideId "35042025"]
[EventDate "2025.05.27"]

1. e4 e5 2. Nf3 Nc6 3. Bc4 Nf6 4. d3 Be7 5. Bb5 d6 6. c3 O-O 7. O-O a6 8. Ba4 b5
9. Bc2 d5 10. Nbd2 dxe4 11. dxe4 Be6 12. Qe2 Qb8 13. Bb3 Bxb3 14. Nxb3 a5 15.
Bg5 Qb6 16. Rfd1 a4 17. Nbd2 Rfd8 18. Nf1 Qb7 19. Bxf6 Bxf6 20. Ne3 g6 21. Rd5
Rxd5 22. Nxd5 Bg7 23. Qe3 Re8 24. Qc5 Re6 25. Rd1 Rd6 26. b4 axb3 27. axb3 Nd8
28. Ne7+ Kh8 29. Rxd6 cxd6 30. Qxd6 Qa8 31. h4 Ne6 32. Nxe5 Qf8 33. Nd7 Qa8 34.
Nd5 Qa1+ 35. Kh2 Bxc3 36. Nf4 Qa8 37. Nxe6 fxe6 38. Qxe6 Qd8 39. g3 Kg7 40. Kg2
b4 41. Qd5 h5 42. e5 g5 43. e6 gxh4 44. Qxh5 Qa8+ 45. Kh2 hxg3+ 46. Kxg3 Qa1 47.
Qg5+ Kh8 48. Qh4+ Kg7 49. Qg4+ Kh6 50. Kg2 Qa8+ 51. Kh2 Qd5 52. Qh3+ Kg6 53.
Qg2+ Qxg2+ 54. Kxg2 Bd2 55. Kf3 Be1 56. Ke3 Kg7 57. f4 1-0

[Event "25th Dubai Open A 2025"]
[Site "Dubai UAE"]
[Date "2025.05.28"]
[Round "2.10"]
[White "Nitish, Belurkar"]
[Black "Kacharava, Nikolozi"]
[Result "1-0"]
[WhiteTitle "IM"]
[BlackTitle "GM"]
[WhiteElo "2454"]
[BlackElo "2516"]
[WhiteFideId "5084768"]
[BlackFideId "13611860"]
[EventDate "2025.05.27"]

1. e4 c5 2. Nf3 Nc6 3. d4 cxd4 4. Nxd4 e5 5. Nb5 d6 6. c4 g6 7. N1c3 a6 8. Na3
Bg7 9. Nc2 Be6 10. Bd3 Rc8 11. b3 Nf6 12. O-O Nd7 13. Be3 O-O 14. Be2 Qa5 15.
Qd2 Rfe8 16. Rac1 f5 17. exf5 gxf5 18. f3 Nf8 19. Rfd1 e4 20. Nd5 Qxa2 21. Bh6
Bxh6 22. Nf6+ Kg7 23. Nxe8+ Rxe8 24. Qc3+ Kf7 25. Ra1 Bg7 26. Qxg7+ Kxg7 27.
Rxa2 Rd8 28. fxe4 fxe4 29. Ne3 Kf6 30. Bg4 Ne5 31. Rf2+ Ke7 32. Bxe6 Kxe6 33.
Rf4 Nfd7 34. Rxe4 Nc5 35. Rh4 Nxb3 36. Rxh7 a5 37. Rxb7 a4 38. Nd5 Nc5 39. Re7+
Kf5 40. Nc3 Ra8 41. Rxd6 Ncd3 42. Ree6 a3 43. Rf6+ Kg5 44. Ne4+ Kh5 45. h3 Rh8
46. Rf5+ Kh4 47. Rxd3 1-0

[Event "25th Dubai Open A 2025"]
[Site "Dubai UAE"]
[Date "2025.05.28"]
[Round "2.11"]
[White "Parkhov, Yair"]
[Black "Harshavardhan, G B"]
[Result "1-0"]
[WhiteTitle "GM"]
[BlackTitle "IM"]
[WhiteElo "2514"]
[BlackElo "2441"]
[WhiteFideId "2813408"]
[BlackFideId "25059009"]
[EventDate "2025.05.27"]

1. d4 d5 2. c4 dxc4 3. e3 Nf6 4. Bxc4 e6 5. Nf3 Be7 6. O-O O-O 7. b3 a6 8. Bb2
Nbd7 9. Nbd2 c5 10. dxc5 Nxc5 11. Ne5 Ncd7 12. Ndf3 Nxe5 13. Nxe5 Qxd1 14. Rfxd1
Rd8 15. Rxd8+ Bxd8 16. Rd1 Bc7 17. Be2 Ne8 18. Bh5 g6 19. Bf3 a5 20. Ng4 f5 21.
Bxb7 Bxb7 22. Nh6+ Kf8 23. Rd7 Nd6 24. Rxc7 Rc8 25. Rxh7 Rc2 26. Ba3 Ke8 27. h4
Nb5 28. Re7+ Kd8 29. Rxb7 Nxa3 30. Nf7+ Kc8 31. Ra7 Nb5 32. Rxa5 Nc3 33. Rc5+
Kd7 34. Kh2 Ke7 35. Rc7+ Kf6 36. Ng5 Rxf2 37. Rxc3 Rxa2 38. Rc6 Rb2 39. Rxe6+
Kg7 40. Rb6 Re2 41. Rb7+ Kf6 42. b4 Rb2 43. b5 1-0

[Event "25th Dubai Open A 2025"]
[Site "Dubai UAE"]
[Date "2025.05.28"]
[Round "2.12"]
[White "Aronyak, Ghosh"]
[Black "Talibov, Shiroghlan"]
[Result "1/2-1/2"]
[WhiteTitle "IM"]
[BlackTitle "IM"]
[WhiteElo "2514"]
[BlackElo "2423"]
[WhiteFideId "25072846"]
[BlackFideId "13429078"]
[EventDate "2025.05.27"]

1. Nf3 d5 2. g3 c6 3. Bg2 Bg4 4. h3 Bh5 5. d3 Nd7 6. O-O Ngf6 7. Bf4 h6 8. g4
Bg6 9. e3 e6 10. Bg3 Bc5 11. Qe2 Qb6 12. b3 a5 13. Nbd2 Qa6 14. Nh4 Bh7 15. f4
Ne4 16. Nxe4 dxe4 17. f5 Nf6 18. Rae1 Bb4 19. Rd1 Rd8 20. c4 exd3 21. Rxd3 O-O
22. Rfd1 Rxd3 23. Rxd3 exf5 24. gxf5 Re8 25. e4 b5 26. Rd1 bxc4 27. Qxc4 Qb6+
28. Bf2 Qc7 29. Qd3 Nh5 30. Qf3 1/2-1/2

[Event "25th Dubai Open A 2025"]
[Site "Dubai UAE"]
[Date "2025.05.28"]
[Round "2.13"]
[White "Mayank, Chakraborty"]
[Black "Boruchovsky, Avital"]
[Result "1/2-1/2"]
[WhiteTitle "IM"]
[BlackTitle "GM"]
[WhiteElo "2436"]
[BlackElo "2513"]
[WhiteFideId "25659766"]
[BlackFideId "2800055"]
[EventDate "2025.05.27"]

1. e4 e5 2. Nf3 Nc6 3. Nc3 Nf6 4. d4 exd4 5. Nxd4 Bb4 6. Nxc6 bxc6 7. Bd3 d5 8.
exd5 O-O 9. O-O Bg4 10. f3 Bh5 11. dxc6 Qd4+ 12. Kh1 Bxc3 13. bxc3 Qxc3 14. Rb1
Bg6 15. Bb2 Qxc6 16. Bxf6 Qxf6 17. Bxg6 Qxg6 18. Qd3 1/2-1/2

[Event "25th Dubai Open A 2025"]
[Site "Dubai UAE"]
[Date "2025.05.28"]
[Round "2.14"]
[White "Liyanage, Ranindu Dilshan"]
[Black "Rohith, Krishna S"]
[Result "0-1"]
[WhiteTitle "IM"]
[BlackTitle "IM"]
[WhiteElo "2387"]
[BlackElo "2490"]
[WhiteFideId "9915834"]
[BlackFideId "46617051"]
[EventDate "2025.05.27"]

1. e4 e5 2. Nf3 Nc6 3. Bc4 Bc5 4. c3 Nf6 5. d3 d6 6. Bg5 h6 7. Bh4 g5 8. Bg3 a6
9. a4 Ba7 10. Nbd2 Qe7 11. O-O Nh7 12. b4 h5 13. h4 g4 14. Ne1 Nf8 15. Nc2 Ng6
16. Ne3 Be6 17. Nd5 Bxd5 18. Bxd5 Nxh4 19. b5 Nd8 20. bxa6 Ng6 21. axb7 Rb8 22.
Bh2 Qg5 23. d4 h4 24. f4 exf4 25. e5 Kf8 26. Ne4 Qxe5 27. Qxg4 Qxd5 28. Rae1 Ne6
29. Rf2 Rxb7 30. Nf6 Qg5 31. Qf3 Rb3 32. Qd1 Ra3 33. Ne4 Qf5 34. Kh1 d5 35. Qc1
Rxa4 36. Nd2 Ra2 37. Qd1 Qd3 38. Ree2 h3 39. Rf3 hxg2+ 40. Rxg2 Qf5 0-1

[Event "25th Dubai Open A 2025"]
[Site "Dubai UAE"]
[Date "2025.05.28"]
[Round "2.15"]
[White "Indjic, Aleksandar"]
[Black "Raahul, V S"]
[Result "1/2-1/2"]
[WhiteTitle "GM"]
[BlackTitle "IM"]
[WhiteElo "2637"]
[BlackElo "2378"]
[WhiteFideId "911925"]
[BlackFideId "25035525"]
[EventDate "2025.05.27"]

1. Nf3 d5 2. c4 c6 3. e3 Nf6 4. Nc3 e6 5. b3 Nbd7 6. Bb2 Bd6 7. Be2 a6 8. Qc2 e5
9. g4 h6 10. h3 b5 11. Rg1 Bb7 12. h4 h5 13. gxh5 Nxh5 14. Rg5 Qe7 15. c5 Nxc5
16. Nxe5 Nf6 17. Nf3 Ne6 18. Rg1 d4 19. exd4 Nf4 20. O-O-O b4 21. Rde1 bxc3 22.
dxc3 Kf8 23. Bc4 Qc7 24. Ne5 N6d5 25. Bxd5 cxd5 26. Qf5 Bxe5 27. Rxe5 Rxh4 28.
Qf6 Nd3+ 29. Kb1 Qxe5 30. Ba3+ Ke8 31. Qxh4 Qe4 32. Qh8+ Kd7 33. Qxg7 Qf5 34.
Qg3 Re8 35. f3 Nb4+ 36. Ka1 Nc2+ 37. Kb2 Nxa3 38. Kxa3 Qe6 39. Rh1 Qd6+ 40.
Qxd6+ Kxd6 41. Rh7 Ke6 42. Kb4 Rc8 43. Rh6+ Kf5 44. Rh7 Rc7 45. Rh4 f6 46. a4
Rc6 47. Rh7 Rb6+ 48. Ka3 Kf4 49. a5 Rb5 50. c4 dxc4 51. bxc4 Rxa5+ 52. Kb4 Ra1
53. d5 Rb1+ 54. Kc5 a5 55. Kd6 Bc8 56. c5 Kxf3 57. Ra7 Ke4 58. Rxa5 Rd1 59. c6
Bg4 60. Ke7 Rxd5 61. Rxd5 Kxd5 62. Kxf6 Kxc6 1/2-1/2

[Event "25th Dubai Open A 2025"]
[Site "Dubai UAE"]
[Date "2025.05.28"]
[Round "2.16"]
[White "Celik, Hasan Huseyin"]
[Black "Sargsyan, Shant"]
[Result "1/2-1/2"]
[WhiteTitle "IM"]
[BlackTitle "GM"]
[WhiteElo "2440"]
[BlackElo "2666"]
[WhiteFideId "44506759"]
[BlackFideId "13306766"]
[EventDate "2025.05.27"]

1. d4 Nf6 2. Bg5 d5 3. e3 c5 4. c3 Nc6 5. Nd2 cxd4 6. exd4 Bf5 7. Ngf3 e6 8. Nh4
h6 9. Bxf6 Qxf6 10. Nxf5 Qxf5 11. Nf3 Bd6 12. Bd3 Qf6 13. O-O a6 14. Qe2 g6 15.
Rae1 Kf8 16. g3 Kg7 17. Kg2 Rae8 18. h4 e5 19. dxe5 Nxe5 20. Nxe5 Rxe5 21. Qg4
h5 22. Qd7 Rd8 23. Qxb7 Rb8 24. Qxa6 Rxb2 25. Rb1 Rd2 26. Rbd1 Rb2 27. Rb1 Rd2
28. Rbd1 Rxd1 29. Rxd1 g5 30. Rh1 g4 1/2-1/2

[Event "25th Dubai Open A 2025"]
[Site "Dubai UAE"]
[Date "2025.05.28"]
[Round "2.17"]
[White "Sahib, Singh"]
[Black "Narayanan, S.L."]
[Result "1/2-1/2"]
[WhiteTitle "FM"]
[BlackTitle "GM"]
[WhiteElo "2416"]
[BlackElo "2598"]
[WhiteFideId "25618342"]
[BlackFideId "5058422"]
[EventDate "2025.05.27"]

1. e4 c5 2. Nf3 d6 3. d4 cxd4 4. Nxd4 Nf6 5. Nc3 a6 6. Be3 e5 7. Nf3 Nc6 8. Bc4
Be6 9. Bb3 Na5 10. Bg5 Be7 11. Bxf6 Bxf6 12. O-O Rc8 13. Nd5 Be7 14. c3 O-O 15.
Bc2 Nc4 16. Rb1 b5 17. Qd3 Rc5 18. b4 Rc8 19. Bb3 Bxd5 20. Qxd5 Qc7 21. Rbc1 Kh8
22. a4 Nb6 23. Qd1 Qc6 24. axb5 axb5 25. Qe2 g6 26. Rfd1 Kg7 27. Rc2 Ra8 28. c4
bxc4 29. Bxc4 Qa4 30. Rb1 Nxc4 31. Rxc4 Rfb8 32. h3 Qa2 33. Qxa2 Rxa2 34. Ne1
Bd8 35. Nc2 h5 36. Rd1 Rb6 37. Ne3 Bg5 38. Nd5 Rb7 39. Rb1 Ra5 40. Rc6 Bd2 41.
Rxd6 Rab5 42. Rc6 Bxb4 43. Nc7 Ra5 44. Ne8+ Kf8 45. Nd6 Rb8 46. Rc7 Bxd6 47.
Rxb8+ Kg7 48. Rbb7 Bxc7 49. Rxc7 Ra1+ 50. Kh2 h4 51. Re7 Kf6 52. Rb7 Ra4 53. f3
Ra5 54. Rc7 Ra4 55. Rb7 Rd4 56. Ra7 Ke6 57. Ra6+ Rd6 58. Ra4 Kf6 59. Ra5 Re6 60.
Ra7 Re7 61. Ra5 Kg5 62. g3 Rc7 63. Ra2 Rc3 64. Kg2 f5 65. exf5 gxf5 66. gxh4+
Kxh4 67. Re2 Rc5 68. Kh2 Kg5 69. Kg3 Kf6 70. Ra2 Rc3 71. Ra6+ Kg5 72. h4+ Kh5
73. Ra5 f4+ 74. Kf2 Rc2+ 75. Kf1 Kxh4 76. Rxe5 Kg3 77. Ra5 Rf2+ 78. Kg1 Rg2+ 79.
Kf1 Rh2 80. Ra8 Rf2+ 81. Kg1 Re2 82. Kf1 Kxf3 83. Ra3+ Re3 84. Ra2 Rb3 85. Rf2+
Kg4 86. Rg2+ Rg3 87. Rb2 Rh3 88. Kg1 Ra3 89. Kg2 Rg3+ 90. Kf2 Rh3 91. Kg1 1/2-1/2

[Event "25th Dubai Open A 2025"]
[Site "Dubai UAE"]
[Date "2025.05.28"]
[Round "2.18"]
[White "Pichot, Alan"]
[Black "Neelash, Saha"]
[Result "1-0"]
[WhiteTitle "GM"]
[BlackTitle "IM"]
[WhiteElo "2587"]
[BlackElo "2445"]
[WhiteFideId "110973"]
[BlackFideId "5094160"]
[EventDate "2025.05.27"]

1. e4 e5 2. Bc4 Nf6 3. d3 c6 4. Nf3 d5 5. Bb3 a5 6. a4 Bd6 7. exd5 Nxd5 8. O-O
O-O 9. Re1 Nd7 10. d4 exd4 11. Bxd5 cxd5 12. Qxd4 Bc5 13. Qxd5 Qb6 14. Re2 Nf6
15. Qb3 Qxb3 16. cxb3 Bg4 17. Nc3 Rfe8 18. Be3 Ne4 19. h3 Bxf3 20. gxf3 Nxc3 21.
bxc3 Bxe3 22. Rxe3 Rxe3 23. fxe3 Rd8 24. b4 b6 25. Rb1 g6 26. bxa5 bxa5 27. Rb5
Rd3 28. Rc5 Rxe3 29. Kf2 Re7 30. c4 Ra7 31. Ke3 Kf8 32. Kd4 Ke7 33. Kd5 Rd7+ 34.
Kc6 Rd6+ 35. Kb5 Rd3 36. Kxa5 Rxf3 37. Kb6 f5 38. Rb5 Rxh3 39. a5 f4 40. a6 Ra3
41. c5 f3 42. Rb2 Re3 43. a7 Ra3 44. Kb7 f2 45. Re2+ Kd7 46. Rxf2 Rb3+ 47. Ka6
Ra3+ 48. Kb6 Rb3+ 49. Ka5 Ra3+ 50. Kb4 Ra1 51. Rf8 1-0

[Event "25th Dubai Open A 2025"]
[Site "Dubai UAE"]
[Date "2025.05.28"]
[Round "2.19"]
[White "Zemlyanskii, Ivan"]
[Black "Jiang, Haochen"]
[Result "1-0"]
[WhiteTitle "GM"]
[WhiteElo "2563"]
[BlackElo "2439"]
[WhiteFideId "24249971"]
[BlackFideId "8631930"]
[EventDate "2025.05.27"]

1. e4 e5 2. Nf3 Nc6 3. Bc4 Bc5 4. c3 Nf6 5. d3 d6 6. Bg5 h6 7. Bh4 a6 8. Nbd2
Ba7 9. O-O Qe7 10. a4 g5 11. Bg3 Nd7 12. d4 Nf8 13. dxe5 dxe5 14. Bd5 Ng6 15.
Nc4 f6 16. Ne3 h5 17. Nf5 Bxf5 18. exf5 h4 19. fxg6 hxg3 20. Bxc6+ bxc6 21. hxg3
Qg7 22. Qb3 O-O-O 23. Rfd1 Rde8 24. Qc4 Qh6 25. Kf1 Qh1+ 26. Ng1 Kb7 27. Ra3 Bb6
28. Rb3 Rd8 29. Rd3 e4 30. Rd4 a5 31. Rxb6+ cxb6 32. Qf7+ Ka6 33. Qc4+ Kb7 34.
b4 Rxd4 35. Qxd4 Rc8 36. b5 Qh8 37. Qd7+ Rc7 38. bxc6+ Kb8 39. Qd6 Qg8 40. Ne2
Qb3 41. Kg1 f5 42. g7 Qg8 43. Nd4 Qxg7 44. Qd8+ Rc8 45. Qxb6+ Ka8 46. Qxa5+ Qa7
47. Qxf5 Qb8 48. Qxe4 Re8 49. Ne6 g4 50. Nc7+ Ka7 51. Qd4+ 1-0

[Event "25th Dubai Open A 2025"]
[Site "Dubai UAE"]
[Date "2025.05.28"]
[Round "2.20"]
[White "Pranav, Anand"]
[Black "Shyaam Nikhil P"]
[Result "1/2-1/2"]
[WhiteTitle "GM"]
[BlackTitle "GM"]
[WhiteElo "2555"]
[BlackElo "2430"]
[WhiteFideId "46626786"]
[BlackFideId "5024218"]
[EventDate "2025.05.27"]

1. e4 e5 2. Nf3 Nc6 3. Bb5 Nf6 4. d3 Bc5 5. Bxc6 dxc6 6. Nbd2 Be6 7. O-O Bd6 8.
Nb3 h6 9. Na5 Qc8 10. c3 O-O 11. b4 Re8 12. Be3 a6 13. h3 b6 14. Nb3 Qd8 15. Qc2
Qe7 16. Rfe1 Nd7 17. Rad1 f5 18. exf5 Bxf5 19. Nfd2 Qh4 20. Ne4 Re6 21. f3 Kh8
22. Bf2 Qe7 23. a3 Qf7 24. Nbd2 Rg6 25. Kh2 Be6 26. c4 Be7 27. Qc3 h5 28. Rf1
Qf4+ 29. Kh1 a5 30. Rde1 axb4 31. axb4 Ra4 32. c5 b5 33. Be3 Qh4 34. Re2 Bd8 35.
Kh2 Ra2 36. Ra1 Rxa1 37. Qxa1 Qe7 38. d4 Bg8 39. Kh1 Qe6 40. Bg1 Qf5 41. Bh2
exd4 42. Qxd4 Qd5 43. Qe3 Re6 44. Bf4 Nf6 45. Qf2 Qd3 46. Re1 Nd5 47. Bg5 Bxg5
48. Nxg5 Rxe1+ 49. Qxe1 Qe3 50. Qh4 g6 51. Nge4 Qf4 52. Qe1 Qe5 53. Nf1 Qd4 54.
Qc1 Kg7 55. Nfg3 Qe5 56. Qd2 Be6 57. h4 Qf4 58. Qd4+ Kg8 59. Kg1 Qe3+ 60. Qxe3
Nxe3 61. Ne2 Nc2 62. Nf4 Bf7 63. Nd3 Kg7 64. Kh2 Bc4 65. Nef2 Kf6 66. g4 Nd4 67.
Ne4+ Ke6 68. Nf4+ Kf7 69. gxh5 gxh5 70. Nxh5 Nxf3+ 71. Kg3 Nd4 72. Nf4 Kg7 73.
Kg4 Kh6 74. Nf2 Bb3 75. h5 Nc2 76. N2d3 Ne3+ 77. Kf3 Nc2 78. Ke4 Kg5 79. Ke5 Bc4
80. h6 Kxh6 81. Kf6 Bg8 82. Ne6 Bh7 83. Nef4 Be4 84. Ne5 Bh1 85. Ng4+ Kh7 86.
Nd3 Be4 87. Ngf2 Bd5 88. Nh3 Kh6 89. Nhf4 Bh1 90. Kf5 Kg7 91. Ke6 Kh6 92. Kd7
Kg5 93. Nh3+ Kf5 94. Nhf2 Bf3 95. Kxc7 Ke6 96. Nh3 Kd5 97. Ng5 Bh1 98. Nf7 Kd4
99. Nde5 Nxb4 100. Kd6 Na6 101. Nd8 b4 102. Ndxc6+ Bxc6 103. Nxc6+ Kc3 104. Nxb4
Nxb4 105. c6 Nxc6 106. Kxc6 1/2-1/2

[Event "25th Dubai Open A 2025"]
[Site "Dubai UAE"]
[Date "2025.05.28"]
[Round "2.21"]
[White "Sokolovsky, Yahli"]
[Black "Hayrapetyan, Hovik"]
[Result "1-0"]
[WhiteTitle "GM"]
[BlackTitle "GM"]
[WhiteElo "2539"]
[BlackElo "2423"]
[WhiteFideId "2820242"]
[BlackFideId "13302639"]
[EventDate "2025.05.27"]

1. e4 c5 2. Nf3 d6 3. d4 cxd4 4. Nxd4 Nf6 5. Nc3 a6 6. Be3 e5 7. Nb3 Be6 8. f3
h5 9. Nd5 Bxd5 10. exd5 Nbd7 11. Qd2 g6 12. O-O-O Nb6 13. Kb1 Nfxd5 14. Bf2 Nf6
15. Bd3 Nbd7 16. Rhe1 Bh6 17. Qb4 Qc7 18. Bf1 Rc8 19. c4 b5 20. Qxd6 bxc4 21.
Na1 c3 22. bxc3 Qxd6 23. Rxd6 O-O 24. Kb2 Rc7 25. Nb3 Rb8 26. Red1 a5 27. a4 Bf8
28. Ra6 Bc5 29. Bh4 Ne8 30. Bb5 Nb6 31. Rd8 1-0

[Event "25th Dubai Open A 2025"]
[Site "Dubai UAE"]
[Date "2025.05.28"]
[Round "2.22"]
[White "Jubin, Jimmy"]
[Black "Petkov, Momchil"]
[Result "1-0"]
[WhiteTitle "IM"]
[BlackTitle "GM"]
[WhiteElo "2449"]
[BlackElo "2524"]
[WhiteFideId "46686614"]
[BlackFideId "2921642"]
[EventDate "2025.05.27"]

1. d4 d6 2. Nf3 Nf6 3. c4 g6 4. Nc3 Bf5 5. Bf4 Bg7 6. e3 Ne4 7. Nxe4 Bxe4 8. Nd2
Bc6 9. Bg3 O-O 10. Qc2 e5 11. d5 Bd7 12. f3 a5 13. Be2 Na6 14. O-O Qg5 15. Qc3
f5 16. e4 Nc5 17. Nb3 Na4 18. Qc2 b6 19. Bd3 f4 20. Be1 h5 21. a3 Qh6 22. Rb1 g5
23. Be2 g4 24. Nc1 Rf6 25. b4 Rg6 26. Nd3 Qg5 27. Bd1 Kh8 28. c5 g3 29. c6 Bc8
30. Qe2 axb4 31. axb4 b5 32. Ra1 Nb6 33. Rxa8 Nxa8 34. h3 Nb6 35. Nb2 Nxd5 36.
exd5 e4 37. Qxe4 Bxb2 38. Bc2 Rg7 39. Bd2 Re7 40. Qxf4 Qxf4 41. Bxf4 Bd4+ 42.
Kh1 Re2 43. Bd3 Rb2 44. Rb1 Rxb1+ 45. Bxb1 Bc3 46. Bd3 Bxb4 47. Bxg3 Ba6 48. Kg1
Kg7 49. Kf2 Bc5+ 50. Ke2 Bd4 51. Be1 Bb6 52. f4 Kf7 53. Kf3 1-0